| 000 | 00723cam a2200253ui 4500 | ||
|---|---|---|---|
| 001 | 4434371 | ||
| 003 | ARRUPE | ||
| 005 | 20160812122113.0 | ||
| 008 | 781108s1977 ilu b 000 0 eng d | ||
| 035 | _a(OCoLC)4356055 | ||
| 035 | _a(OCoLC)ocm04356055 | ||
| 035 | _a(NNC)4434371 | ||
| 040 |
_aNNUT _cNNUT _dCStRLIN |
||
| 050 | _aBT28.B784 | ||
| 090 |
_aBR121.2 _b.B6 1977 |
||
| 100 | 1 |
_aBowden, John, _d1935-2010. _924991 |
|
| 245 | 1 | 0 |
_aVoices in the wilderness / _cJohn Bowden. |
| 260 |
_aNaperville, Ill. : _bSCM Press, _c1977. |
||
| 300 |
_a85 p. ; _c20 cm. |
||
| 504 | _aIncludes bibliographical references. | ||
| 650 | 0 |
_aTheology, Doctrinal _y20th century _924992 |
|
| 942 |
_2lcc _cMONOGRAPH |
||
| 999 |
_c124982 _d124982 |
||